All Country Shapes (Randomized) - Statistics

General Stats
  • This quiz has been taken 1,648 times
  • The average score is 157 of 196
Answer Stats
Picture Answer % Correct
Chile
93%
Italy
93%
Norway
93%
United Kingdom
93%
United States
93%
Australia
92%
Brazil
92%
Canada
92%
China
92%
Croatia
92%
Egypt
92%
India
92%
Indonesia
92%
Japan
92%
Mexico
92%
Russia
92%
South Africa
92%
Thailand
92%
Vietnam
92%
Cuba
91%
Cyprus
91%
France
91%
Iceland
91%
Morocco
91%
New Zealand
91%
Somalia
91%
Spain
91%
Austria
90%
Benin
90%
Germany
90%
Greece
90%
Israel
90%
Namibia
90%
Papua New Guinea
90%
Senegal
90%
Turkey
90%
Gambia
89%
Mali
89%
Myanmar
89%
Philippines
89%
Portugal
89%
Argentina
88%
Denmark
88%
Ireland
88%
Laos
88%
Libya
88%
Madagascar
88%
Netherlands
88%
Panama
88%
Peru
88%
Sri Lanka
88%
Sweden
88%
Algeria
87%
Bangladesh
87%
Chad
87%
D.R. Congo
87%
Monaco
87%
Mongolia
87%
Mozambique
87%
Nepal
87%
Pakistan
87%
Finland
86%
Haiti
86%
Iran
86%
Malaysia
86%
Oman
86%
Saudi Arabia
86%
Sudan
86%
Switzerland
86%
Ukraine
86%
Vatican City
86%
Yemen
86%
Angola
85%
Eritrea
85%
Afghanistan
84%
Cameroon
84%
Ethiopia
84%
Jordan
84%
Kazakhstan
84%
Mauritania
84%
Nicaragua
84%
Tunisia
84%
Venezuela
84%
Zambia
84%
Bosnia and Herzegovina
83%
Kosovo
83%
Moldova
83%
Taiwan
83%
United Arab Emirates
83%
Costa Rica
82%
Czech Republic
82%
Equatorial Guinea
82%
Iraq
82%
Malawi
82%
Niger
82%
Serbia
82%
South Korea
82%
Tajikistan
82%
Uzbekistan
82%
Ghana
81%
North Korea
81%
Romania
81%
Slovakia
81%
Togo
81%
Turkmenistan
81%
Colombia
80%
Gabon
80%
Latvia
80%
Maldives
80%
Paraguay
80%
Poland
80%
Syria
80%
Trinidad and Tobago
80%
Azerbaijan
79%
Estonia
79%
Hungary
79%
Ivory Coast
79%
Kyrgyzstan
79%
Albania
78%
Burkina Faso
78%
Ecuador
78%
Kuwait
78%
Nauru
78%
Rep. of the Congo
78%
Bulgaria
77%
Georgia
77%
Guatemala
77%
Guyana
77%
Singapore
77%
Bahamas
76%
Belgium
76%
Guinea
76%
Malta
76%
Nigeria
76%
Belize
75%
East Timor
75%
Jamaica
75%
Liberia
75%
Belarus
74%
Bolivia
74%
F.S. Micronesia
74%
Liechtenstein
74%
North Macedonia
74%
Saint Kitts and Nevis
74%
South Sudan
74%
Tanzania
74%
Zimbabwe
74%
Brunei
73%
Lithuania
73%
Luxembourg
73%
Slovenia
73%
Armenia
72%
Central African Republic
72%
Guinea-Bissau
72%
Kenya
72%
Montenegro
72%
Antigua and Barbuda
71%
Botswana
71%
Djibouti
71%
Dominican Republic
71%
Qatar
71%
Solomon Islands
71%
Burundi
70%
Kiribati
70%
Lebanon
70%
Uganda
70%
Cape Verde
69%
El Salvador
69%
Honduras
69%
Marshall Islands
69%
Vanuatu
69%
Bahrain
67%
São Tomé and Príncipe
67%
Sierra Leone
67%
Suriname
67%
Uruguay
67%
Fiji
66%
Saint Lucia
66%
St. Vincent and the Grenadines
66%
Barbados
65%
Samoa
65%
Andorra
64%
Bhutan
64%
Comoros
64%
Eswatini
64%
Tuvalu
64%
Cambodia
63%
Seychelles
63%
Tonga
63%
Dominica
62%
Grenada
62%
Lesotho
62%
Palau
62%
Mauritius
61%
Rwanda
61%
San Marino
61%
No matching quizzes found
Score Distribution
Percent of People with Each Score
Percentile by Number Answered
Your Score History
You have not taken this quiz